Drei erloschene polnische Linien der Familie v. Podewils

Titel: Drei erloschene polnische Linien der Familie v. Podewils / [Lars A. Severin]
Beteiligt:
Veröffentlicht: Potsdam : Selbstverl., [ca. 2011]
Umfang: [67] S. : Ill.
Format: Buch
Sprache: Deutsch
Kein Bild verfügbar
X
Lokale Klassifikation: 32 4 D ; 9 4 D ; 2 P 1669 ; 32 15 O
alg: 27270961
001A    $03004:11-08-11 
001B    $01999:03-06-23 $t05:59:40.000 
001C    $03004:11-08-11 $t14:28:02.000 
001D    $03004:11-08-11 
001U    $0utf8 
001X    $00 
002@    $0Aau 
003@    $0272709611 
003O    $0746315882 $aOCoLC 
007A    $0272709611 $aHEB 
007G    $0DE02043F50BA13FB9548EC1257917004C8A72 
007T    $0Herdhh272709611 
009P    $qapplication/pdf $A2 $3Inhaltsverzeichnis $uhttp://scans.hebis.de/HEBCGI/show.pl?27270961_toc.pdf $mV:DE-603;B:DE-Mb50 
010@    $ager 
011@    $a2011 $n[ca. 2011] 
013H    $0z 
021A    $aDrei erloschene polnische Linien der Familie v. Podewils $h[Lars A. Severin] 
028C    $7 $8Severin, Lars A. [Tnu] $9272709425 
033A    $pPotsdam $nSelbstverl. 
034D    $a[67] S. 
034M    $aIll. 
045F    $a929.09438 $eDDC23BSB 
045F/01 $a929 
045F/03 $g438 
045F/03 $g43816 
045G    $a306.0943809031 $eDDC23BSB 
045G/01 $a306.09 
045G/03 $f09031 
045G/03 $f09032 
045G/03 $g438 

lok: 27270961 24
101B    $006-09-11 $t13:41:58.000 
101C    $006-09-11 
101U    $0utf8 
145Z/01 $a32 4 D 
145Z/02 $a9 4 D 
145Z/03 $a2 P 1669 
145Z/04 $a32 15 O 

exp: 27270961 24 1 #EPN
201B/01 $026-09-11 $t08:05:20.000 
201C/01 $011-08-11 
201U/01 $0utf8 
203@/01 $0628121288 
208@/01 $a06-09-11 $bz 
209A/01 $a11.05838 $du $f050 $h11 05838 $x00 
209C/01 $a11.05838 G $h11 05838 G 
209G/01 $a72813251 $x00 
220C/01 $ahae 
244Z/01 $#Pudwels  $71015503209 $8--Tp3--$PPodewils$lFamilie $x01 $9276011783 
247C/01 $8358050-7 Marburg, Bibliothek des Herder-Instituts Marburg $9102600961 

lok: 27270961 78

exp: 27270961 78 1 #EPN
201B/01 $019-04-17 $t21:59:59.000 
201U/01 $0utf8 
203@/01 $0793898110 
208@/01 $a12-11-16 $be 
209A/01 $a/ $f000 $x00 
220C/01 $aAnmerkung: *NG 
237A/01 $aweiterführende Signatur(en): Herder-Institut: 11.05838 
244Z/01 $2Trx $#Poola $#Lenkija $#Polija $#Polen Land $#Poland $#Lengyelország $#Poľsko $#Polsko $8--Trx--Polska$gkraj $x01 $9391345966 
244Z/01 $2Trx $#Pomeranija $#Pommern $#Pomoransko $#Pomořansko $#Hinterpommern;Vorpommern;Mittelpommern $#Pomorze Środkowe;Pomorze Przednie $#Pomořansko;Západní Pomořany; Pomořany $8--Trx--Pomorze Zachodnie $x02 $9391303775 
244Z/01 $2Trx $#Podewels $8--Trx--$PPodewils$lFamilie $x03 $9391028316 
244Z/01 $2Trx $#perekonnad ja sugupõlved $#giminės ir šeimos $#Families and Noble Houses $#családok és nemek $#rody i rodziny $#rodiny a rody $#rodiny a rody $#Geschlechter $#Noble Houses $#rody $#rody $#rody $8--Trx--Familien und Geschlechter $x04 $9391371916 
244Z/01 $2Trx $8--Trx--Monographie $x05 $9391384546 
245Z/01 $a12.02 $x01 
247C/01 $82080>Marburg/Lahn, Herder-Institut, Forschungsbibliothek, Bibliographieportal $9336309341
LEADER 00000cam a2200000 c 4500
001 272709611
003 DE-603
005 20230603055940.0
007 tu
008 110811s2011 xx |||| | u00||u|ger c
035 |a (DE-599)HEB272709611 
035 |a (OCoLC)746315882 
040 |a DE-603  |b ger  |c DE-603  |d DE-603 
041 |a ger 
082 0 4 |8 1\u  |a 929.09438  |q DE-101  |2 23/BSB 
083 0 |8 2\u  |a 306.0943809031  |q DE-101  |2 23/BSB 
085 |8 1\u  |b 929 
085 |8 1\u  |z 2  |s 438 
085 |8 1\u  |z 2  |s 43816 
085 |8 2\u  |b 306.09 
085 |8 2\u  |z 1  |s 09031 
085 |8 2\u  |z 1  |s 09032 
085 |8 2\u  |z 2  |s 438 
245 0 0 |a Drei erloschene polnische Linien der Familie v. Podewils  |c [Lars A. Severin] 
264 1 |a Potsdam  |b Selbstverl.  |c [ca. 2011] 
300 |a [67] S.  |b Ill. 
700 1 |a Severin, Lars A.  |0 (DE-603)272709425 
856 4 2 |m V:DE-603;B:DE-Mb50  |q application/pdf  |u http://scans.hebis.de/HEBCGI/show.pl?27270961_toc.pdf  |3 Inhaltsverzeichnis 
924 0 |9 Mb 50  |a (DE-603)628121288  |b DE-Mb50  |c HES  |d c  |g 11.05838 
924 0 |9 2080  |a (DE-603)793898110  |b DE-2080  |c HES  |d d  |g /